000 00641nam a22002177a 4500
003 UA-OsUOA
001 129992
007 ta
008 20180402b un ||||| |||| 00| 0 ukr d
100 _aКульчицький С.
090 _a94(477)
_bК90
942 _cSA
040 _aUA-OsUOA
_bukr
_cUA-OsUOA
_dUA-OsUOA
245 _aЯке пташеня вилупилося з радянського яйця?
300 _aС.40-42
955 _a0
041 _aukr
080 _a94(477)
773 0 _w129990
_tУкраїнський тиждень
_dК.
_d2018
_g12
650 7 _a9 Географія. Біографії. Історія
_2UDC
999 _c417717
_d417717